000 00684nam a2200217Ia 4500
003 OSt
005 20220923230859.0
006 a|||||r|||| 00| 0
007 ta
008 Pun
024 _a306,257
037 _cTextual
040 _aARTS
_cARTS
_bPun
041 _2Pun
_aPun
082 _aO157,3M61x, 153K2
100 _aਟੈਗੋਰ, ਰਵੀ੍ਵਦ੍ਰਨਾਥ; ਗੁਰਬਚਨ ਸਿੰਘ, ੳਗ.
_9169223
245 0 _aਟੈਗੋਰ ਕਹਾਣੀਆਂ
260 _c1962
942 _hO157,3M61x, 153K2
_cTEXL
_2CC
999 _c388043
_d388043